01026cam a22002531 450000100060000000300080000600500170001400800410003103500190007204000310009104100080012208200210013024501210015126000370027230000260030949000420033550001550037750400500053265000230058270000300060570000230063571000720065883000420073033867BD-RjUL20211209052054.0140511t1968 ilu b 001 0 eng d a(BD-RjUL)33959 aDLCcWadDLCdBD-RjULbeng aeng00a320.08bPER 196800aPerspectives in the study of politics /cEdited by Malcolm B. Parsons. With essays by James M. Buchanan [and others] aChicago :bRand McNally,cc1968. axii, 170 p. ;c21 cm.1 aRand McNally political science series a"Essays ... initially prepared for the 1964 series of public lectures and guest seminars of the Department of Government at Florida State University." aIncludes bibliographical reference and index. 0aPolitical science.1 aParsons, Malcolm B.,eed.1 aBuchanan, James M.1 aFlorida.bState University, Tallahassee.bDepartment of Government.1 aRand McNally political science series